Responses for Show #5523 - Wednesday, September 17, 2008

2008 Kids Week Reunion game 3.

Contestants

[<< previous game]

Anjali Tripathi, a senior from MIT

Kendra Pettis, a junior from Oberlin College

Curtis Joseph, a sophomore from Scottsdale Community College

[next game >>]

Jeopardy! Round responses

POETS & POETRY
THE REAL MTV
19, 20, 21 & 22
THE NORTHERNMOST CAPITAL CITY
ANNUAL EVENTS
IN "B"ETWEEN
(Alex: The letter B will be in the middle of each correct response.)
    $200 21
T.S. Eliot

Triple Stumper
    $200 2
(Kendra: What is America's Next Best Dance Crew?)
...
(Alex: Kendra, you realize that you added one word. You said "Next Best", instead of [*].)

America's Best Dance Crew

Kendra
Triple Stumper
    $200 7
Tiger Woods

Curtis
    $200 22
Cairo

Kendra
    $200 1
Albuquerque

Kendra
    $200 10
Babel

Anjali
    $400 24
Dante

Anjali
    $400 3
Tila Tequila

Kendra
    $400 8
(Kendra: What is Texas?)
(Curtis: What is Florida?)

Hawaii

CurtisKendraAnjali
    $400 23
Ottawa

Curtis
    $400 20
Thanksgiving

Kendra
    $400 9
a wheelbarrow

Triple Stumper
    $600 25
proud

Triple Stumper
    $600 4
Making the Band

Curtis
    $600 14
Mary Magdalene

Anjali
    $600 30
Moscow

Anjali
    $1,000 17
Vermont

Anjali
    $600 11
orbit

Anjali
    $800 26
Elizabeth Barrett Browning

Triple Stumper
    $800 5
Laguna Beach

Kendra
    $800 15
the Raptor

Triple Stumper
    $800 29
(Anjali: What is Caracas?)

Tunis

CurtisAnjali
    $800 18
the Hatfields & the McCoys

Kendra
    $800 12
(Curtis: What is a skateboard?)
(Anjali: What is a snowboard?)

a surfboard

CurtisAnjali
Triple Stumper
    $1000 27
Lord Byron

Triple Stumper
    $1000 6
The Real World & Road Rules

Curtis
    $1000 16
(Kendra: What is the Spanish-American ...the Cu... what is the Cuban War?)

the Mexican War

Kendra
Triple Stumper
    $1000 28
Warsaw

Kendra
    $1000 19
November 11th

Triple Stumper
    $1000 13
a temblor

Triple Stumper

Scores at the first commercial break (after clue 13):

Curtis Kendra Anjali
$600 $800 $400

Scores at the end of the Jeopardy! Round:

Curtis Kendra Anjali
$1,800 $2,200 $2,200

Double Jeopardy! Round responses

HANCOCK
LITERARY VILLAINS' PERSONAL ADS
INVENTORS & INVENTIONS
MOVIE COMEDY
COLLEGES & UNIVERSITIES
DIA-GRAMMAR
    $400 24
sign the Declaration of Independence

Curtis
    $400 6
(Anjali: Who is Gollum?)

Sauron

KendraAnjali
    $400 19
a zipper

Triple Stumper
    $400 1
The Love Guru

Curtis
    $400 11
Yale

Anjali
    $400 16
(Kendra: What is a subject?)

word

Kendra
Triple Stumper
    $800 25
(Anjali: What is the Constitutional Congress?)

Continental Congress

Anjali
Triple Stumper
    $800 7
Dracula

Kendra
    $800 18
typewriter

Anjali
    $800 2
Borat

Curtis
    $800 12
William & Mary

Anjali
    $800 23
subject

Kendra
    $1200 8
Bill Sikes

Triple Stumper
    $1200 17
a barcode

Kendra
    $1200 3
Big Momma

Kendra
    $3,000 13
(Anjali: What is Tulane?)

Grambling

Anjali
    $1200 22
parse

Triple Stumper
    $1600 9
(Alex: "Tell me, Clarice..." [*].)

Hannibal Lecter

Triple Stumper
    $1600 21
(Kendra: What is Pentium?)

Intel

KendraAnjali
    $1600 4
American Wedding

Curtis
    $1600 15
Johns Hopkins

Anjali
    $500 26
(Curtis: I don't know.)

transitive & intransitive

Curtis
    $2000 10
(Alex: The arch-nemesis, of course, would be Sherlock Holmes, and so I am [*].)

Moriarty

Triple Stumper
    $2000 20
a pager

Anjali
    $2000 5
Jim Carrey

Curtis
    $2000 14
Barnard

Triple Stumper
    $2000 27
[The end-of-round signal sounds.]

syntax

Triple Stumper

Scores at the end of the Double Jeopardy! Round:

Curtis Kendra Anjali
$6,500 $4,600 $5,200

[wagering suggestions for these scores]

Final Jeopardy! Round responses

U.S. GEOGRAPHY
(Alex: [To Kendra] Oh, you were--looks like you were gonna go for the Mississippi River...)
[Kendra nods.]
...
(Alex: [To Anjali] That takes you up to $7,800 and into the lead as we come to Curtis, and he's laughing, and maybe a little dejected.)
(Curtis: Yeah.)
(Alex: Did you put down [*]? You did, but did you risk enough? $1,200. The difference is $100, and, Anjali, you're the one going home with $25,000. Curtis will go home with $5,000, and Kendra--$2,500. What a finish. Don't beat yourself up, Curtis.)
KendraWhat is Mt. St. Helens Mis
$4,000
AnjaliWhat is the Grand Canyon?
$2,600
CurtisWhat is The Grand Canyon
$1,200
the Grand Canyon

Final scores:

Curtis Kendra Anjali
$7,700 $600 $7,800
2nd place: $5,000 3rd place: $2,500 Winner: $25,000

Game dynamics:

Coryat scores:

Curtis Kendra Anjali
$7,000 $4,600 $7,800
10 R,
3 W
(including 1 DD)
12 R,
5 W
13 R
(including 1 DD),
5 W
(including 1 DD)

Combined Coryat: $19,400

[game clues] [game scores] [suggest correction]

Game tape date: 2008-08-12
The J! Archive is created by fans, for fans. Scraping, republication, monetization, and malicious use prohibited; this site may use cookies and collect identifying information. See terms. The Jeopardy! game show and all elements thereof, including but not limited to copyright and trademark thereto, are the property of Jeopardy Productions, Inc. and are protected under law. This website is not affiliated with, sponsored by, or operated by Jeopardy Productions, Inc. Join the discussion at JBoard.tv.